00300 2200133 4500001002100000005001500021035002000036245001500056100001600071260003400087082001000121084001600131990001900147INLIS00000000000053020260115030824 a0010-01260000251 aBuah Rindu0 aAmir Hamzah aJakarta :bDian Rakyat,c1985 a8X0.1 a8X0.1 AMI b a800.1986.00091